[Event "8th Llucmajor Open 2019"]
[Site "S'Arenal de Llucmajor"]
[Date "2019.05.22"]
[Round "5.3"]
[White "Bernadskiy, Vitaliy"]
[Black "Golubka, Petro"]
[Result "1-0"]
[WhiteElo "2572"]
[BlackElo "2498"]
[Annotator "TA"]
[PlyCount "55"]
[EventDate "2019.05.19"]
[EventType "swiss"]
[EventCountry "ESP"]
[SourceTitle "playchess.com"]
[Source "ChessBase"]
[SourceQuality "1"]

{[%evp 26,55,41,20,10,12,133,120,135,112,264,260,242,245,413,420,405,380,777,772,754,743,781,753,1395,1375,29967,29955,5317,5306,29983,29983]} 1. d4 d5 2. Nf3 e6 3. c4 c5 4. cxd5 exd5 5. g3 Nc6 6. Bg2 Nf6 7. O-O Be7 8. Nc3 O-O 9. Bg5 cxd4 10. Nxd4 h6 11. Be3 Re8 12. Qb3 Na5 13. Qc2 Bg4 14. Rad1 Rc8 {D34: Tarrasch Defence: 6 g3 Nf6 7 Bg2 Be7} (14... Bb4 15. Ndb5 Bxc3 16. Nxc3 Rc8 17. Rfe1 Rxe3 18. fxe3 Qe7 19. Qd3 Nc4 20. Nxd5 Nxd5 21. Qxd5 Nxe3 22. Qxb7 {1-0 (41) Tarlev,K (2578)-Ginsburg,G (2475) Germany 2016}) 15. h3 Be6 (15... Bh5 $11 {keeps the balance.}) 16. Nxe6 fxe6 {White is better.} 17. Qg6 ({Worse is} 17. Bxa7 b6 $15) 17... Kf8 $146 (17... Bb4 $16) ({Predecessor:} 17... Kh8 18. Bxh6 gxh6 19. Qxh6+ Kg8 20. Qg6+ Kh8 21. Ne4 Nc4 22. Ng5 Ne5 23. Qh6+ Kg8 24. Nxe6 {1-0 (24) Pokorny,P (2235)-Volek,R (1995) Czechia 2007}) 18. Bxh6 $18 ({Not} 18. Bxa7 Nc4 $14) 18... gxh6 {[#]} 19. e4 $1 $40 {[%cal Re4d5][%mdl 128] White attacks with force.} Nc4 $2 (19... Bc5 20. exd5 Qe7) 20. exd5 e5 21. Ne4 Nd6 $2 (21... Nxe4 22. Qxh6+ (22. Bxe4 Qd6 $14) 22... Kf7) 22. f4 (22. Qxh6+ Kg8 $16) 22... Qb6+ 23. Kh2 Ndxe4 24. fxe5 {[%mdl 64] Pin} ({Weaker is} 24. Bxe4 Qxb2+ 25. Kh1 Nxe4 $14) 24... Rc2 {[#]} 25. e6 $1 {[%csl Ge6][%cal Rg6f7]} Rxg2+ 26. Kxg2 {[%csl Ge6][%cal Rg6f7]} Qxb2+ 27. Kh1 {[%csl Ge6][%cal Rg6f7]} Nd6 28. Qh7 {Accuracy: White = 97%, Black =  5%.} 1-0

[Event "8th Llucmajor Open 2019"]
[Site "S'Arenal de Llucmajor"]
[Date "2019.05.22"]
[Round "5.4"]
[White "Movsziszian, Karen"]
[Black "Fier, Alexandr"]
[Result "1/2-1/2"]
[WhiteElo "2486"]
[BlackElo "2555"]
[Annotator "RC"]
[PlyCount "89"]
[EventDate "2019.05.19"]
[EventType "swiss"]
[EventCountry "ESP"]
[SourceTitle "playchess.com"]
[Source "ChessBase"]
[SourceQuality "1"]
[TimeControl "5400+30"]

1. g3 e5 2. d3 g6 3. c4 c5 4. Nc3 Nc6 5. Bg2 Bg7 6. a3 d6 7. Rb1 a5 8. e3 Nge7 9. Nge2 O-O 10. O-O Rb8 11. Bd2 Bf5 12. e4 Be6 13. Qa4 f5 14. Nd5 fxe4 15. dxe4 Bg4 16. f3 Bd7 17. Bg5 b6 18. Nec3 h6 19. Bxe7 Nxe7 20. Nxe7+ Qxe7 21. Qc2 Qf7 22. b3 Be6 23. Rfd1 Rfd8 24. Nb5 Bf8 25. a4 Rd7 26. Rd3 Rbd8 27. Rbd1 Be7 28. h4 g5 29. hxg5 hxg5 30. Nc3 Rb8 31. Rf1 Qg7 32. Nd5 Bf8 33. Qd1 Rf7 34. Ne3 Rd8 35. Rf2 Qh6 36. Bf1 Rh7 37. Rg2 Be7 38. Kf2 Rf8 39. g4 Rf4 40. Ke1 Qh3 41. Be2 Qh1+ 42. Kd2 Rf6 43. Kc2 Qxd1+ 44. Rxd1 Rfh6 45. Rdg1 1/2-1/2

[Event "8th Llucmajor Open 2019"]
[Site "S'Arenal de Llucmajor"]
[Date "2019.05.22"]
[Round "5.5"]
[White "Nasuta, Grzegorz"]
[Black "Girish, A. Koushik"]
[Result "1/2-1/2"]
[WhiteElo "2518"]
[BlackElo "2444"]
[Annotator "TA"]
[PlyCount "50"]
[EventDate "2019.05.19"]
[EventType "swiss"]
[EventCountry "ESP"]
[SourceTitle "playchess.com"]
[Source "ChessBase"]
[SourceQuality "1"]

{[%evp 17,50,6,28,0,27,27,28,29,33,33,31,19,41,10,35,48,40,45,45,27,55,35,47,29,20,6,31,12,9,0,0,0,2,-14,18]} 1. e4 e5 2. Nf3 Nc6 3. Bc4 Bc5 4. c3 Nf6 5. d3 O-O 6. O-O d6 7. Bg5 h6 8. Bh4 a6 9. a4 Ba7 10. Nbd2 {C54: Giuoco Piano: 4 c3 Nf6, main lines with 5 d4 and 5 d3} (10. Na3 g5 11. Bg3 g4 12. Nh4 Nh5 13. Nc2 Qg5 14. Re1 Be6 15. Ne3 Bxe3 16. Rxe3 Bxc4 17. dxc4 Ne7 {1-0 (53) Aronian,L (2767)-Nakamura,H (2777) chess.com INT 2018}) 10... Be6 (10... g5 $5 {[%cal Rg5h4]} 11. Bg3 Be6 $11) 11. b4 {[%cal Bb2b4,Bb4b5][%mdl 32]} Qe7 12. Re1 {White has an edge.} Bxc4 13. Nxc4 Qe6 14. b5 Ne7 15. Rb1 Nd7 $146 ({Predecessor:} 15... axb5 16. Rxb5 {0-1 (75) Hirn,O (2126)-Goehring,K (2116) Bayern 2015}) 16. Bxe7 Qxe7 17. d4 Qe6 18. Qd3 Nb6 19. Ne3 a5 20. Rbd1 Rfe8 21. Qc2 Rac8 22. Nd5 exd4 {The position is equal.} 23. Nxb6 d3 24. Qxd3 Bxb6 25. Nd2 Bc5 {Accuracy: White = 63%, Black = 61%.} 1/2-1/2

[Event "8th Llucmajor Open 2019"]
[Site "S'Arenal de Llucmajor"]
[Date "2019.05.22"]
[Round "5.6"]
[White "Petrov, Nikita"]
[Black "Hyndiuk, Aleksander"]
[Result "1-0"]
[WhiteElo "2610"]
[BlackElo "2411"]
[Annotator "TA"]
[PlyCount "73"]
[EventDate "2019.05.19"]
[EventType "swiss"]
[EventCountry "ESP"]
[SourceTitle "playchess.com"]
[Source "ChessBase"]
[SourceQuality "1"]

{[%evp 9,73,2,6,8,56,46,35,43,49,37,44,43,81,46,136,109,137,140,114,124,172,166,164,166,189,177,176,180,212,199,299,254,316,177,416,397,393,409,346,280,277,284,393,398,372,389,395,366,366,363,363,358,362,360,347,338,352,354,350,344,383,377,431,430,402,387]} 1. c4 c5 2. Nc3 g6 3. g3 Bg7 4. Bg2 Nc6 5. b3 e6 6. Ba3 {A36: Symmetrical English vs ...g6: 4 Bg2 Bg7} Nb4 $146 ({Predecessor:} 6... d6 7. e3 Nge7 8. Nge2 O-O 9. O-O Qa5 10. Bb2 d5 11. cxd5 exd5 12. Nf4 Rd8 13. Qc1 d4 {½-½ (33) Ding,L (2813)-Vidit,S (2695) Wijk aan Zee 2019}) 7. Nf3 Ne7 8. O-O {White is slightly better.} O-O 9. d4 d5 10. cxd5 exd5 11. Rc1 Qa5 (11... Nec6 $14) 12. Na4 $16 b6 13. Qd2 (13. dxc5 $6 Nxa2 14. Ra1 Nc3 $14) 13... Nec6 14. dxc5 b5 15. Bxb4 $1 Qxb4 16. Nc3 ({Weaker is} 16. Qxd5 Bb7 $17) 16... Bg4 17. Nxd5 Qxd2 18. Nxd2 Nd4 19. Kh1 {And now Ne7+ would win.} Nxe2 {[#]} (19... Rad8 {was worth a try.} 20. c6 Nxe2) 20. Rce1 $1 $18 Rae8 21. Ne3 (21. Ne4 $142) 21... Bc3 $2 (21... h5 {was necessary.} 22. c6 Bc3) 22. Nxg4 Bxd2 23. Nf6+ Kh8 24. Nxe8 Bxe1 25. Nc7 ({Much less strong is} 25. Rxe1 $6 Rxe8 26. Ra1 Kg7 $16) 25... Bb4 26. Na6 Bc3 27. c6 Rc8 28. c7 Ba5 29. Bb7 Rxc7 30. Nxc7 Bxc7 {[%mdl 4096] Endgame KRB-KBN} 31. Re1 Nc3 32. Re7 Bb6 33. Rxf7 Nxa2 34. f4 Nc3 35. Bc6 b4 36. Kg2 Ne2 37. Bd5 {Accuracy: White = 84%, Black = 28%.} 1-0

[Event "8th Llucmajor Open 2019"]
[Site "S'Arenal de Llucmajor"]
[Date "2019.05.22"]
[Round "5.7"]
[White "Raetsky, Alexander"]
[Black "Gordon, Stephen J"]
[Result "1/2-1/2"]
[WhiteElo "2394"]
[BlackElo "2533"]
[Annotator "TA"]
[PlyCount "45"]
[EventDate "2019.05.19"]
[EventType "swiss"]
[EventCountry "ESP"]
[SourceTitle "playchess.com"]
[Source "ChessBase"]
[SourceQuality "1"]

{[%evp 9,45,-6,18,20,25,22,15,15,20,4,7,0,9,10,4,10,11,0,0,-3,4,2,16,0,2,-31,12,9,25,17,49,3,10,0,16,23,18,-10]} 1. d4 d5 2. c4 e6 3. Nf3 Nf6 4. g3 Bb4+ 5. Bd2 Bd6 (5... Be7 6. Bg2 O-O 7. O-O Nbd7 8. Qc2 c6 9. Rc1 b6 10. cxd5 cxd5 11. Qd1 Bb7 12. a3 a6 13. Bf4 Rc8 14. Nbd2 Rxc1 15. Rxc1 Qa8 16. Ne5 Nxe5 17. Bxe5 {½-½ (41) Mamedyarov,S (2790)-Radjabov,T (2756) Shamkir 2019}) 6. Bg2 {E01: Catalan: Early deviations} c6 7. O-O Nbd7 8. Qc2 O-O 9. Rd1 Ne4 10. Nc3 (10. e3 {feels hotter.} f5 11. a3 a5 12. Nc3 g5 13. c5) 10... Nxd2 11. Nxd2 f5 12. e3 g5 13. Rab1 $146 ({Predecessor:} 13. a3 Qe7 14. b4 a6 15. Na4 g4 {½-½ (36) Halliwell,T (2315)-Biedermann,T (2433) ICCF email 2017}) 13... Qe7 14. a3 Nf6 15. b4 a6 16. c5 Bc7 17. f4 Bd7 18. Nf3 h6 19. a4 Rfb8 20. b5 ({Reject} 20. fxg5 hxg5 21. b5 axb5 $11) 20... axb5 21. axb5 b6 22. bxc6 Bxc6 23. cxb6 {Accuracy: White = 57%, Black = 46%.} 1/2-1/2

[Event "8th Llucmajor Open 2019"]
[Site "S'Arenal de Llucmajor"]
[Date "2019.05.24"]
[Round "6.1"]
[White "Bernadskiy, Vitaliy"]
[Black "Rasmussen, Allan Stig"]
[Result "1-0"]
[WhiteElo "2572"]
[BlackElo "2552"]
[Annotator "TA"]
[PlyCount "37"]
[EventDate "2019.05.19"]
[EventType "swiss"]
[EventCountry "ESP"]
[SourceTitle "playchess.com"]
[Source "ChessBase"]
[SourceQuality "1"]

{[%evp 9,107,26,13,18,154,151,143,150,144,122,211,210,207,208,206,202,190,172,192,200,161,78,85,87,80,84,511,506,441,276,252,249,254,252,249,139,366,335,348,357,414,409,357,330,395,255,249,160,150,150,156,160,178,176,189,187,252,252,252,242,237,233,374,354,847,741,980,1051,533,533,1097,29,29,29,29,29,29,36,36,36,36,0,0,0,29949,12826,29975,29976,29976,29977,29980,29978,29978,29979,29979,29980,29980,29981,29994,29995]} 1. d4 f5 2. Bg5 g6 3. Nc3 Bg7 4. e3 d6 5. Nge2 $146 ({Predecessor:} 5. Bc4 Nf6 6. Nf3 c6 7. Bb3 d5 8. Ne2 Be6 9. Nf4 Bf7 10. Nd3 h6 11. Bf4 {0-1 (51) Georgiev,K (2644)-Wang,H (2729) Dubai 2014}) 5... h6 6. Bh4 {Nf4 is the strong threat. A80: Dutch Defence: Unusual White second moves} Nf6 (6... g5 $1 $11) 7. Bxf6 $1 $16 Bxf6 8. Nf4 {White is clearly better.} Kf7 9. Bc4+ e6 (9... Kg7 $16 {was necessary.}) 10. g4 $1 $18 {[%cal Rg4f5]} g5 11. gxf5 gxf4 12. fxe6+ Bxe6 13. Qh5+ Ke7 14. Bxe6 Kxe6 15. Qd5+ (15. exf4 Qe8 $17) (15. O-O-O $1 $18) 15... Kd7 $16 16. Qf5+ {[%mdl 1024] White has strong compensation.} Ke8 17. Nd5 $36 {[%cal Bc3d5,Bd5f4,Bf4g6][%mdl 2080] White is on the roll.} Nd7 $2 {[%mdl 8192]} (17... Rf8 $16) 18. Rg1 $18 c6 19. Qh5+ {Played: Qf5-e6} 1-0

[Event "8th Llucmajor Open 2019"]
[Site "S'Arenal de Llucmajor"]
[Date "2019.05.24"]
[Round "6.2"]
[White "Movsziszian, Karen"]
[Black "Petrov, Nikita"]
[Result "0-1"]
[WhiteElo "2486"]
[BlackElo "2610"]
[Annotator "TA"]
[PlyCount "106"]
[EventDate "2019.05.19"]
[EventType "swiss"]
[EventCountry "ESP"]
[SourceTitle "playchess.com"]
[Source "ChessBase"]
[SourceQuality "1"]

{[%evp 10,106,7,-3,2,-11,24,16,16,21,31,0,43,29,31,31,35,34,38,0,0,-31,-20,-27,-32,-62,-52,-55,-64,-66,0,-14,0,0,19,-212,-204,-201,-209,-204,-206,-187,-186,-182,-131,-118,-91,-107,-105,-150,-160,-154,-154,-150,-134,-142,-137,-135,-134,-117,-84,-84,-84,-83,-80,-91,-62,-73,-57,-90,-56,-56,0,-91,-45,-91,-91,-91,-91,-436,-404,-421,-414,-501,-249,-241,0,-520,-498,-1538,-699,-474,-357,-4132,-3516,-5308,-5265,-5265,-5202]} 1. e4 c5 2. d3 Nc6 3. g3 g6 4. Bg2 Bg7 5. f4 d6 6. Nh3 Nf6 {B20: Sicilian: Unusual White 2nd moves} 7. c3 (7. O-O O-O 8. Nf2 Nd7 9. Nd2 Rb8 10. h4 b5 11. h5 b4 12. Nf3 Nf6 13. hxg6 hxg6 14. Nh4 {0-1 (41) Rapport,R (2721)-Anton Guijarro,D (2639) Caleta 2016}) 7... c4 $146 ({Predecessor:} 7... Bxh3 8. Bxh3 O-O 9. Na3 Rb8 10. Qf3 e6 11. Bd2 b5 12. e5 Nd5 13. exd6 Qxd6 {0-1 (39) Dolezal,C (2425)-Carlsson,P (2501) Malaga 2008}) 8. Nf2 cxd3 {The position is equal.} 9. Qxd3 O-O 10. Na3 Ng4 11. O-O Nxf2 12. Rxf2 a6 13. Be3 b5 14. e5 Bf5 15. Qd5 Rc8 {[%cal Rd6e5]} 16. exd6 exd6 17. Rd2 Re8 $36 {[%mdl 2048] Black fights for an advantage.} 18. Bf2 b4 19. cxb4 Nxb4 ({Better is} 19... Be6 $1 $15 20. Qe4 (20. Qxd6 Qxd6 21. Rxd6 Nxb4 $17) 20... d5) 20. Qb3 $11 a5 21. Nb5 d5 22. Nd4 $2 {[#]} (22. Bxd5 $11 {and White stays safe.} Kf8 23. Nc3) 22... Bxd4 $1 $19 23. Bxd4 Nc2 24. Rf1 Nxd4 25. Rxd4 Rc2 {Hoping for ...Ree2!} 26. Bf3 Qf6 ({Black should play} 26... Qe7 $19 {Strongly threatening ...Qa7.} 27. Kh1 (27. Rxd5 $2 Qa7+ 28. Kh1 Re1 $19) 27... Qe3 28. Rxd5 {[#]} a4 $1 {[%mdl 512]} 29. Qxe3 Rxe3) 27. Qxd5 $17 Rxb2 28. Rd2 Qb6+ 29. Qd4 Qxd4+ 30. Rxd4 Rxa2 31. g4 Be6 32. Rf2 {intending Rxa2.} Rxf2 33. Kxf2 {[%mdl 4096] Endgame KRB-KRB} Bb3 34. Rd6 Re6 35. Rd8+ Kg7 36. Ra8 a4 37. h4 Rb6 38. Ke3 Rb4 39. g5 Be6 {aiming for ...Rb3+.} 40. Bd1 Bb3 41. Bf3 Rc4 {Threatens to win with ...Rc3+.} 42. Be2 Rc3+ 43. Kd4 Rh3 44. h5 $2 {[%mdl 8192]} (44. Bb5 $17) 44... gxh5 $19 45. Bb5 Rf3 46. Ke5 Re3+ (46... Bc2 $142 47. Bxa4 Re3+ 48. Kd5 Ra3) 47. Kd4 Rf3 $2 (47... Re1 48. Bxa4 Ra1) 48. Ke5 $1 Bc2 49. Bxa4 (49. Ra6 $142 a3 50. Ra7) 49... Re3+ 50. Kd5 Bf5 51. Bc6 $2 (51. Kc4) 51... Be4+ {Black is clearly winning.} 52. Kd4 Bxc6 53. Rc8 Re4+ {Accuracy: White = 51%, Black = 57%.} 0-1

[Event "8th Llucmajor Open 2019"]
[Site "S'Arenal de Llucmajor"]
[Date "2019.05.23"]
[Round "6.3"]
[White "Zubov, Alexander"]
[Black "Gritask, Orest"]
[Result "1/2-1/2"]
[WhiteElo "2597"]
[BlackElo "2468"]
[Annotator "ChessBase"]
[PlyCount "21"]
[EventDate "2019.05.19"]
[EventType "swiss"]
[EventCountry "ESP"]
[SourceTitle "playchess.com"]
[Source "ChessBase"]
[SourceQuality "1"]
[TimeControl "5400+30"]

1. d4 {[%emt 0:00:35]} Nf6 {[%emt 0:00:07]} 2. c4 {[%emt 0:00:08]} g6 {[%emt 0:00:27]} 3. Nc3 {[%emt 0:02:04]} d5 {[%emt 0:01:31]} 4. Qa4+ {[%emt 0:05:21]} Bd7 {[%emt 0:08:53]} 5. Qb3 {[%emt 0:00:05]} Nc6 {[%emt 0:00:16]} 6. cxd5 {[%emt 0:00:06]} Nxd4 {[%emt 0:00:05]} 7. Qd1 {[%emt 0:00:05]} Nb5 {[%emt 0:12:20]} 8. Bd2 {[%emt 0:00:09]} Nxc3 {[%emt 0:04:19]} 9. Bxc3 {[%emt 0:00:06]} c6 {[%emt 0:01:31]} 10. dxc6 {[%emt 0:06:55]} Bxc6 {[%emt 0:00:10]} 11. Nf3 {[%emt 0:00:27]} 1/2-1/2

[Event "8th Llucmajor Open 2019"]
[Site "S'Arenal de Llucmajor"]
[Date "2019.05.24"]
[Round "6.4"]
[White "Sumets, Andrey"]
[Black "Souleidis, Georgios"]
[Result "1/2-1/2"]
[WhiteElo "2585"]
[BlackElo "2417"]
[Annotator "TA"]
[PlyCount "85"]
[EventDate "2019.05.19"]
[EventType "swiss"]
[EventCountry "ESP"]
[SourceTitle "playchess.com"]
[Source "ChessBase"]
[SourceQuality "1"]

{[%evp 11,85,30,27,15,11,8,41,41,41,37,36,37,39,41,39,39,38,39,39,39,39,42,41,17,16,14,21,14,18,11,7,9,14,4,5,4,14,0,7,-3,24,-26,0,0,0,0,4,0,0,0,49,0,0,0,89,0,0,0,0,0,0,0,0,0,0,0,0,0,0,0,0,0,0,0,0,0]} 1. d4 Nf6 2. c4 e6 3. g3 d5 4. Nf3 dxc4 5. Bg2 a6 6. O-O Nc6 7. Bg5 {E04: Open Catalan: 5 Nf3} (7. e3 Bd7 8. Qe2 b5 9. b3 cxb3 10. axb3 Be7 11. Bd2 O-O 12. Rc1 Nb4 13. Ne5 Nfd5 14. Nc3 c6 15. Ne4 f6 16. Nxd7 Qxd7 17. Nc5 Bxc5 18. Rxc5 f5 19. Ra5 Qc7 20. Ra1 Qd7 21. Ra5 Qc7 22. Ra1 Qd7 {½-½ (22) So,W (2780)-Duda,J (2737) chess.com INT 2018}) 7... Be7 8. e3 Rb8 9. Qc1 {White is slightly better.} Na5 $146 ({Predecessor:} 9... b5 10. b3 Na5 11. Nbd2 h6 12. Bxf6 Bxf6 13. bxc4 c5 14. cxb5 cxd4 {½-½ (52) Filip,L (2444)-Frolyanov,D (2555) Iasi 2016}) 10. Nbd2 O-O 11. Nxc4 Nxc4 12. Qxc4 Bd7 {With the idea ...Bb5.} 13. Rfd1 Bc6 14. Rac1 h6 15. Bxf6 Bxf6 16. Ne1 Bxg2 17. Nxg2 c6 18. Nf4 Qe7 19. b4 Rfd8 20. a4 e5 21. Ng6 Qe8 22. dxe5 Bxe5 23. Nxe5 Qxe5 24. a5 Qe7 25. Qc5 Qc7 26. e4 Rxd1+ 27. Rxd1 $11 {[%mdl 4096] Endgame KQR-KQR} Rd8 28. Rd4 Rd7 29. e5 Rxd4 30. Qxd4 {KQ-KQ} Qe7 31. Kg2 Qe6 32. h4 h5 (32... Qf5 $11) 33. Kf3 (33. Qd6 $16) 33... g6 {The position is equal.} 34. Ke3 Qb3+ 35. Kf4 Qe6 36. f3 Qf5+ 37. Ke3 Qc2 38. Qd8+ Kg7 39. Qd2 Qb3+ 40. Kf2 Qc4 41. Qd6 Qc2+ 42. Ke3 Qc3+ 43. Ke2 {Accuracy: White = 59%, Black = 82%.} 1/2-1/2

[Event "8th Llucmajor Open 2019"]
[Site "S'Arenal de Llucmajor"]
[Date "2019.05.23"]
[Round "6.5"]
[White "Fier, Alexandr"]
[Black "Andreev, Eduard"]
[Result "1/2-1/2"]
[WhiteElo "2555"]
[BlackElo "2433"]
[Annotator "TA"]
[PlyCount "50"]
[EventDate "2019.05.19"]
[EventType "swiss"]
[EventCountry "ESP"]
[SourceTitle "playchess.com"]
[Source "ChessBase"]
[SourceQuality "1"]

{[%evp 15,50,21,25,26,34,13,20,18,17,18,26,30,39,16,24,19,15,9,37,0,6,12,16,13,29,0,0,0,0,0,0,0,14,0,-1,-19,-19]} 1. e4 c5 2. Nf3 d6 3. d4 cxd4 4. Nxd4 Nf6 5. Nc3 a6 6. f3 e5 7. Nb3 Be6 8. Be3 h5 9. Nd5 {B90: Sicilian Najdorf: Unusual White 6th moves, 6 Be3 Ng4 and 6 Be3 e5} Bxd5 10. exd5 Nbd7 11. Qd2 g6 12. Be2 (12. O-O-O Bg7 13. Kb1 Qc7 14. Be2 a5 15. a4 O-O 16. g4 Rfc8 17. Bb5 hxg4 18. fxg4 Nxg4 {0-1 (75) Robson,R (2667)-Saric,I (2690) chess.com INT 2019}) 12... Bg7 13. O-O b6 14. c4 O-O 15. Rae1 Re8 16. Bf2 a5 $146 ({Predecessor:} 16... Qc7) 17. a4 Nc5 18. Nxc5 bxc5 19. Bd1 e4 20. Bc2 exf3 {The position is equal.} 21. gxf3 Rxe1 22. Rxe1 Nd7 23. b3 Qf6 24. Kg2 Ne5 $1 25. Qe2 Bh6 {Accuracy: White = 44%, Black = 75%.} 1/2-1/2

[Event "8th Llucmajor Open 2019"]
[Site "S'Arenal de Llucmajor"]
[Date "2019.05.23"]
[Round "6.6"]
[White "Storey, Charles H"]
[Black "Nasuta, Grzegorz"]
[Result "0-1"]
[WhiteElo "2228"]
[BlackElo "2518"]
[Annotator "ChessBase"]
[PlyCount "58"]
[EventDate "2019.05.19"]
[EventType "swiss"]
[EventCountry "ESP"]
[SourceTitle "playchess.com"]
[Source "ChessBase"]
[SourceQuality "1"]
[TimeControl "5400+30"]

1. Nf3 {[%emt 0:00:00]} Nf6 {[%emt 0:00:47]} 2. d4 {[%emt 0:00:14]} d5 {[%emt 0:04:17]} 3. Bf4 {[%emt 0:00:09]} g6 {[%emt 0:05:48]} 4. Nc3 {[%emt 0:01:29]} Bg7 {[%emt 0:01:37]} 5. Qd2 {[%emt 0:04:08]} c5 {[%emt 0:05:30]} 6. e3 {[%emt 0:11:19]} O-O {[%emt 0:00:46]} 7. h3 {[%emt 0:02:44]} Bf5 {[%emt 0:04:55]} 8. Ne5 {[%emt 0:04:13]} Nc6 {[%emt 0:14:03]} 9. g4 {[%emt 0:16:37]} Ne4 {[%emt 0:09:44]} 10. Nxc6 {[%emt 0:18:35]} bxc6 {[%emt 0:00:16]} 11. Qd1 {[%emt 0:05:59]} cxd4 {[%emt 0:09:32]} 12. exd4 {[%emt 0:05:31]} Nxc3 {[%emt 0:01:13]} 13. bxc3 {[%emt 0:00:15]} Bc8 {[%emt 0:00:09]} 14. Bd3 {[%emt 0:02:45]} c5 {[%emt 0:04:04]} 15. Be3 {[%emt 0:04:30]} Qa5 {[%emt 0:02:02]} 16. Qd2 {[%emt 0:00:30]} Rb8 {[%emt 0:04:11]} 17. f4 {[%emt 0:02:58]} Rb2 {[%emt 0:05:10]} 18. a3 {[%emt 0:02:12]} Bd7 {[%emt 0:00:22]} 19. Be2 {[%emt 0:07:35]} Rc8 {[%emt 0:05:35]} 20. Bd1 {[%emt 0:02:30]} Ba4 {[%emt 0:03:53]} 21. Rh2 {[%emt 0:00:09]} cxd4 {[%emt 0:02:41]} 22. cxd4 {[%emt 0:00:14]} Qb6 {[%emt 0:00:07]} 23. h4 {[%emt 0:03:37]} Rcxc2 {[%emt 0:05:32]} 24. Bxc2 {[%emt 0:01:05]} Rxc2 {[%emt 0:00:07]} 25. Rc1 {[%emt 0:02:38]} Rxd2 {[%emt 0:00:21]} 26. Rxd2 {[%emt 0:00:22]} Qe6 {[%emt 0:00:53]} 27. Re2 {[%emt 0:00:37]} Qxg4 {[%emt 0:00:42]} 28. Rc7 {[%emt 0:00:02]} Bf6 {[%emt 0:00:58]} 29. f5 {[%emt 0:00:14]} Qg3+ {[%emt 0:00:13]} 0-1

[Event "8th Llucmajor Open 2019"]
[Site "S'Arenal de Llucmajor"]
[Date "2019.05.23"]
[Round "6.7"]
[White "Kantans, Toms"]
[Black "Alvarado Diaz, Alejandro"]
[Result "1-0"]
[WhiteElo "2513"]
[BlackElo "2380"]
[Annotator "TA"]
[PlyCount "55"]
[EventDate "2019.05.19"]
[EventType "swiss"]
[EventCountry "ESP"]
[SourceTitle "playchess.com"]
[Source "ChessBase"]
[SourceQuality "1"]

{[%evp 9,55,11,9,12,18,6,14,11,16,17,14,0,8,-8,-6,-16,27,17,23,-12,0,0,31,11,38,27,23,27,140,85,106,99,237,250,256,254,437,449,440,452,394,372,599,588,505,495,487,484]} 1. e4 e5 2. Nf3 Nc6 3. d4 exd4 4. Nxd4 Qf6 5. Nf3 Bb4+ 6. c3 {C45: Scotch Game} Bc5 7. Be2 h6 (7... d6 8. O-O Nge7 9. b4 Bb6 10. Bg5 Qg6 11. Bh4 Qh6 12. Nbd2 Ng6 13. Bg3 {½-½ (41) Giri,A (2773)-Andreikin,D (2736) Wijk aan Zee 2017}) 8. O-O {The position is equal.} Nge7 9. Nbd2 {[%cal Bb1d2,Bd2c4,Bc4e3,Be3d5][%mdl 32]} O-O $146 ({Predecessor:} 9... d6 10. e5 Nxe5 11. Ne4 Qf5 12. Nxc5 Nxf3+ 13. Bxf3 Qxc5 {½-½ (30) Mihalik,A (2220)-Flear,G (2451) London 2018}) 10. Re1 Ng6 11. Nc4 Re8 12. Qc2 b6 13. b4 Bf8 ({Not} 13... Bxb4 $2 14. cxb4 Qxa1 15. Bb2 $18) 14. Ne3 Bb7 15. Nd5 Qd8 16. Be3 Nce7 17. Rad1 c6 18. Nxe7+ Nxe7 (18... Rxe7 $11 19. Qb3 Qc7) 19. Bf4 $36 {[%mdl 2048] White is on the roll.} ({White should play} 19. Ne5 Nd5 20. Nxf7 (20. exd5 Rxe5 21. dxc6 Bxc6 $11) 20... Nxe3 21. Qb3) 19... Ng6 $16 20. Bg3 d6 {[#]} (20... a5 $16) 21. e5 $1 $18 {[%mdl 512]} d5 (21... dxe5 22. Rxd8) 22. Bd3 Ne7 $2 (22... Qd7 {was necessary.} 23. Bf5 (23. Bxg6 fxg6 24. Qxg6 Re6 $16) 23... Re6 24. Bxe6 Qxe6) 23. e6 f6 24. Nh4 g5 25. Ng6 Nxg6 $2 (25... Bc8 26. Nxf8 Rxf8) 26. Bxg6 {White is clearly winning.} Re7 27. Qf5 Bg7 {[#]} 28. c4 $1 {[%mdl 512] Accuracy: White = 74%, Black = 52%.} 1-0